Связи с общественностью: учебное пособие

Bibliografische gegevens
Hoofdauteur: Варакута С. А. Сергей Алексеевич
Samenvatting:В книге рассматриваются сущность и теоретические основы связей с общественностью, дается характеристика внутрифирменной системы управления коммуникациями, раскрываются особенности подготовки и проведения специальных мероприятий по установлению и поддержанию общественных связей, исследуется специфика выставочной деятельности компании, описываются правила работы с печатными и электронными средствами массовой информации при осуществлении связей с общественностью. Особое место уделяется использованию рекламы в системе общественных связей, технологии подготовки и проведения рекламных кампаний, а также правовому регулированию рекламной деятельности предприятий и организаций с учетом особенностей российского законодательства. Исследуются вопросы отношений с потребителями в системе общественных связей, защиты конфиденциальной информации при налаживании коммуникаций, а также специфики связей с общественностью в кризисных ситуациях.
Taal:Russisch
Gepubliceerd in: Москва, Инфра-М, 2014
Reeks:Высшее образование. Бакалавриат
Onderwerpen:
Formaat: MixedMaterials Boek
KOHA link:https://koha.lib.tpu.ru/cgi-bin/koha/opac-detail.pl?biblionumber=267927

MARC

LEADER 00000nam0a2200000 4500
001 267927
005 20231101234124.0
010 |a 9785160034430 
035 |a (RuTPU)RU\TPU\book\291040 
035 |a RU\TPU\book\57431 
035 |a RU\TPU\book\173656 
090 |a 267927 
100 |a 20030828d2014 m y0rusy50 ca 
101 0 |a rus 
102 |a RU 
105 |a y j 001zy 
200 1 |a Связи с общественностью  |e учебное пособие  |f С. А. Варакута 
210 |a Москва  |c Инфра-М  |d 2014 
215 |a 206 с. 
225 1 |a Высшее образование. Бакалавриат 
320 |a Библиогр.: с. 202. 
330 |a В книге рассматриваются сущность и теоретические основы связей с общественностью, дается характеристика внутрифирменной системы управления коммуникациями, раскрываются особенности подготовки и проведения специальных мероприятий по установлению и поддержанию общественных связей, исследуется специфика выставочной деятельности компании, описываются правила работы с печатными и электронными средствами массовой информации при осуществлении связей с общественностью. Особое место уделяется использованию рекламы в системе общественных связей, технологии подготовки и проведения рекламных кампаний, а также правовому регулированию рекламной деятельности предприятий и организаций с учетом особенностей российского законодательства. Исследуются вопросы отношений с потребителями в системе общественных связей, защиты конфиденциальной информации при налаживании коммуникаций, а также специфики связей с общественностью в кризисных ситуациях. 
451 1 |0 (RuTPU)RU\TPU\book\57431  |y 5-16-000645-1  |t Связи с общественностью  |o учебное пособие  |f С. А. Варакута, Ю. Н. Егоров  |c М.  |n Инфра-М  |d 2003  |p 246 с.  |s Вопрос - ответ  |a Варакута, Сергей Алексеевич 
606 1 |a Связи с общественностью  |2 stltpush  |3 (RuTPU)RU\TPU\subj\67473  |9 83258 
610 1 |a экономика 
610 1 |a паблик рилейшнз 
610 1 |a ПР 
610 1 |a выставки 
610 1 |a ярмарки 
610 1 |a презентации 
610 1 |a конференции 
610 1 |a дни открытых дверей 
610 1 |a приемы 
610 1 |a публичные выступления 
610 1 |a СМИ 
610 1 |a средства массовой информации 
610 1 |a пресса 
610 1 |a пресс-центры 
610 1 |a пресс-релиз 
610 1 |a реклама 
610 1 |a информация 
610 1 |a защита 
610 1 |a кризисные ситуации 
610 1 |a потребители 
610 1 |a предпринимательство 
610 1 |a объединение 
610 1 |a корпоративные связи 
610 1 |a избирательные кампании 
610 1 |a благотворительность 
610 1 |a учебные пособия 
610 1 |a рекламное право 
610 1 |a коммуникации 
610 1 |a управление 
610 1 |a государственный контроль 
610 1 |a потребители 
610 1 |a права 
610 1 |a ответственность 
610 1 |a конфиденциальная информация 
675 |a 659.4(075.8)  |v 3 
700 1 |a Варакута  |b С. А.  |g Сергей Алексеевич 
801 1 |a RU  |b 63413507  |c 20140822 
801 2 |a RU  |b 63413507  |c 20150707  |g RCR 
900 |a Связи с общественностью 
900 |a Основы интегрированных коммуникаций (рекламы и связей с общественностью) 
900 |a Менеджмент организации 
942 |c BK 
951 |b 031600  |l 8.1 
955 |b 031600  |l 8.1 
959 |a 89/20140527  |d 7  |e 299,90  |f ЧЗГЛ:1  |f АНЛ:1  |f УФ:5